| 000 | 01079cam a2200289 4500 | ||
|---|---|---|---|
| 008 | 090401t1995 xxu||||| |||| 00| 0 eng d | ||
| 020 | _a0860174069 | ||
| 035 | _a(Sirsi) u56308 | ||
| 041 | _aeng | ||
| 050 | _a333.73 | ||
| 110 |
_aConstruction Industry Research and Information Association _94810 |
||
| 245 | _aRemedial treatment for contaminated land. Volume XI: planning and management. | ||
| 260 |
_aLondon _bCIRIA _c1995 |
||
| 300 | _ax,63p. : ill. ; 30cm. | ||
| 350 | _a0 | ||
| 490 |
_aCIRIA Special Publication _v111 |
||
| 520 | _aDescribes planning and management procedures for the various stages of remedial treatment for contaminated land. Includes the project framework, objectives and specification, project planning, procurement, implementation and quality management systems. | ||
| 650 | _aCONTAMINATED LAND | ||
| 650 | _aProcurement-old | ||
| 650 | _aMANAGEMENT-PROJECT MANAGEMENT | ||
| 650 | _aPROJECT PLANNING | ||
| 650 | _aQUALITY MANAGEMENT SYSTEMS | ||
| 650 | _aREMEDIAL METHODS | ||
| 690 | _aLAND | ||
| 942 | _n0 | ||
| 948 | _c04/03/1997 | ||
| 999 |
_c93771 _d93771 |
||